000 00818nam a2200253 a 4500
001 64973
003 BD-RjUL
005 20211209081355.0
008 170225s1967 enkab b 001 0 eng
035 _a(BD-RjUL)65103
040 _aDLC
_cFIN
_dBD-RjUL
_beng
041 _aeng
082 0 _a958.1
_223
_bFRA 1967
100 1 _aFraser-Tytler, William Kerr,
_d1886-
_9192629
245 1 0 _aAfghanistan :
_ba study of political developments in central and southern Asia /
_cby W.K. Fraser-Tytler.
250 _a3rd ed.
260 _aLondon :
_bOxford University Press,
_c1967.
300 _axvi, 362 p. :
_bill. ;
_c23 cm.
504 _aIncludes bibliography and index.
651 0 _aAfghanistan
_xHistory.
_9192630
700 1 _aGillett, Michael Cavenagh,
_d1907-
_9192631
942 _2ddc
_cBK
999 _c64973
_d64973